Banky střední Evropy jsou výnosnější a rostou rychleji

Úspešné bankovnictví v strednej Európe. Banky v strednej Európe vykazujú silný rast všetkých ukazovateľov, ich ziskovosť rastie viac než u bánk v starých krajinách EÚ. Najviac rastie úverový segment. Charakteristika bánk v jednotlivých krajinách. Slovenské banky, estónske, litovské, lotyšské, maďars...

ver descrição completa

Na minha lista:
Detalhes bibliográficos
Formato: Capítulo de Livro
Idioma:tcheco
Assuntos:
Tags: Adicionar Tag
Sem tags, seja o primeiro a adicionar uma tag!

MARC

LEADER 00000naa$a2200000$$$4500
001 0046413
005 20231010090022.2
041 0 |a cze 
044 |a CZ 
245 1 0 |a Banky střední Evropy jsou výnosnější a rostou rychleji 
520 |a Úspešné bankovnictví v strednej Európe. Banky v strednej Európe vykazujú silný rast všetkých ukazovateľov, ich ziskovosť rastie viac než u bánk v starých krajinách EÚ. Najviac rastie úverový segment. Charakteristika bánk v jednotlivých krajinách. Slovenské banky, estónske, litovské, lotyšské, maďarské, slovinské, poľské. 
610 2 0 |a banky 
610 2 0 |a banky centrálne 
610 2 0 |a ukazovatele 
610 2 0 |a zisk 
610 2 0 |a stredná Európa 
610 2 0 |a Slovensko 
610 2 0 |a Estónsko 
610 2 0 |a Litva 
610 2 0 |a Lotyšsko 
610 2 0 |a Maďarsko 
610 2 0 |a Slovinsko 
610 2 0 |a Poľsko